| 000 | 00639 a2200193 4500 | ||
|---|---|---|---|
| 999 |
_c4991 _d4991 |
||
| 010 | _aENG-86686 | ||
| 020 |
_c395.00 _a8178241722 |
||
| 035 | _aEN-70219 | ||
| 037 | _bDBAD / PUB | ||
| 082 | 1 | 4 | _a891.404 |
| 245 | 1 |
_aIndia's literary history : _cedited by Stuart Blackburn [and] Vasudha Dalmia _bessays on the nineteenth century / |
|
| 260 |
_aDelhi _bPermanent Black _c2006 |
||
| 270 |
_aD-28, Oxford Apartments, 11, I. P. Extension _bDelhi _e110 092 |
||
| 300 |
_axi, 515 p _c22cm (Pbk) |
||
| 500 | _aIncludes index | ||
| 700 | 1 | _aBlackburn, Stuart | |
| 700 | 1 | _aDalmia, Vasudha | |
| 942 |
_adpl _cEN _2ddc _h891.404 _mIND |
||